00725 2200181 4500245006600000020002200066250001100088100002100099700002500120650001700145005001900162260003800181041001400219084001100233300002600244500026400270336000900534 aProfil Wiraswastawan Muda BerprestasicSetiaman HeriadihText a978-602-8823-57-9 aCet. 1 aSetiaman Heriadi aSuro Udioko Prapanca aWirausahawan a20240506081026 aDepokbBinamuda Ciptakreasic2012 aIndonesia a338.04 avi, 120 hlm. :cilus. aBuku ini akan menjadi sumber inspirasi yang hebat dan bagi pembaca yang akan memulai usaha tentu akan dapat memantapkan hati dan segera bergerak untuk memulai langkah pertama yang pada akhirnya akan melengkapi daftar wirausahawan sukses di negeri ini. Semoga. atext